00514nam a2200181Ia 4500008004100000020001700041082000800058100002500066245004200091250000600133260003100139300001000170500002400180650001400204942000700218952009000225999001700315230524s9999 xx 000 0 und d a978938007602 bROY aH.J.Ghosh Roy942016 2aA Textbook of Accounting for Managers a4 aNew DelhibVayu edu.c2011 a727p; aQuantity Number: 1 aEconomics cBK 00104070aTATCLbTATCLcGENd2023-05-24l0o ROYp53870r2023-05-24w2023-05-24yBK c56430d56430